A hitelvizsgálat folyamatainak bemutatása egy kiválasztott kereskedelmi bank könyvvizsgálata során

Bibliográfiai részletek
Szerző: Szabó Attila
További közreműködők: Pocsai Dr. Erzsébet
Dokumentumtípus: Diplomadolgozat
Kulcsszavak:Könyvvizsgálat
Hitelvizsgálat
Értékvesztés
Online Access:http://dolgozattar.uni-bge.hu/17401

MARC

LEADER 00000nta a2200000 i 4500
001 dolg17401
005 20180517094330.0
008 180517suuuu hu om 000 hun d
040 |a BGE Dolgozattár Repozitórium  |b hun 
041 |a hu 
100 1 |a Szabó Attila 
245 1 2 |a A hitelvizsgálat folyamatainak bemutatása egy kiválasztott kereskedelmi bank könyvvizsgálata során  |c Szabó Attila  |h [elektronikus dokumentum] 
695 |a Könyvvizsgálat 
695 |a Hitelvizsgálat 
695 |a Értékvesztés 
700 1 |a Pocsai Dr. Erzsébet  |e ths 
856 4 0 |u http://dolgozattar.uni-bge.hu/17401/1/B6DYUF-Szab%C3%B3-Attila-Szakdolgozat-2018_.pdf  |z Dokumentum-elérés 
856 4 0 |u http://dolgozattar.uni-bge.hu/17401/7/titkos%C3%ADt%C3%A1si%20k%C3%A9relem%20szab%C3%B3%20attila.pdf  |z Dokumentum-elérés